000 00886nam a22002897a 4500
001 9276
003 FISKH
005 20251209083306.0
008 251209b cb ||||| |||| 00| 0 eng d
020 _a9780736828710
040 _aFISKH
_beng
_cFISKH
_dFISKH
050 _aSB357 .S5418
082 _a630
100 _aShepard, Daniel
_eAuthor
245 _aAll kinds of farms :
_bSocial studies /
_cby Daniel Shepard
260 _aMinnesota :
_bRed Brick Learning ,
_c2004
300 _a16 pages :
_bPhotographs ;
_c20 cm
490 _aYellow Umbrella Books :
_vSoc Studies - Level A
505 _aE
520 _aSimple text and photographs introduce crops that grow in a variety of locations and climates.
521 8 _a250
_bLexile estimate
521 8 _aE
_bRaz-Plus
650 _aFarm
_vCrops
650 _aHarvest
_vWeather
942 _2ddc
_cBK
_n0
999 _c9276
_d9276